The Cambridge Companion to Bede : (Record no. 603515)

MARC details
000 -LEADER
fixed length control field 00526nam a2200193 a 4500
008 - FIXED-LENGTH DATA ELEMENTS--GENERAL INFORMATION
fixed length control field 251221s2010##################000#0#eng##
020 ## - INTERNATIONAL STANDARD BOOK NUMBER
ISBN 9780521730730
082 04 - DEWEY DECIMAL CLASSIFICATION NUMBER
Classification number 270.2092
Item number DEG
100 1# - MAIN ENTRY--AUTHOR NAME
Personal name DeGregorio, Scott,
245 10 - TITLE STATEMENT
Title The Cambridge Companion to Bede :
260 ## - PUBLICATION, DISTRIBUTION, ETC. (IMPRINT)
Name of publisher Cambridge University Press,
Year of publication 2010.
300 ## - PHYSICAL DESCRIPTION
Number of Pages 302 pages
650 #0 - SUBJECT ADDED ENTRY--TOPICAL TERM
Topical Term Literary Criticism.
942 ## - ADDED ENTRY ELEMENTS (KOHA)
Koha item type English Books
Holdings
Withdrawn status Lost status Damaged status Not for loan Home library Current library Shelving location Date acquired Full call number Accession Number Price effective from Koha item type
        Anna Centenary Library Anna Centenary Library 3RD FLOOR, B WING 22.12.2025 270.2092 DEG 246656 22.12.2025 English Books

Find us on the map